00471 2200181 4500001002100000005001500021035002000036008004100056245003500097100001900132260004800151300001300199020002200212084001600234082000800250650001300258990001800271INLIS00000000000037520240813103841 a0010-0724000375240813 0 ind 1 aKomputer Spy /cMusonif Setria aSulianta, Feri aJakarta :bPT. Elex Media Komputindo,c2013 a145 hlm. a978-979-045-845-1 a005.1 FER k a005 4aKomputer aP29/CP/24/375